[Event "XIV C.to Europeo a squadre Seniores"]
[Site "Rogaska Slatina SLO"]
[Date "2012.04.04"]
[Round "9.1"]
[White "Ivanovic, Bozidar"]
[Black "Tatai, Stefano"]
[Result "1/2-1/2"]
[WhiteElo "2412"]
[BlackElo "2362"]
[Annotator "ITA-MNE"]
[PlyCount "82"]
[EventDate "2012.03.27"]

1. e4 c5 2. Nf3 d6 3. d4 cxd4 4. Nxd4 Nf6 5. Nc3 a6 6. Be3 e5 7. Nb3 Be6 8. f3
Be7 9. Qd2 O-O 10. O-O-O b5 11. Nd5 Nxd5 12. exd5 Bd7 13. f4 Bg4 14. Be2 Bxe2
15. Qxe2 Nd7 16. Kb1 Rc8 17. Rhf1 Bf6 18. fxe5 Bxe5 19. Nd4 Bxd4 20. Bxd4 Re8
21. Qf2 Re7 22. Rd3 Qe8 23. Rc3 Rxc3 24. Bxc3 Ne5 25. b3 Qb8 26. Qh4 f6 27. Qb4
Nf7 28. Qg4 Kf8 29. Kb2 Qb7 30. Qf5 h6 31. Rf4 Ne5 32. Rd4 Rc7 33. Qe4 Re7 34.
Qf4 Qb6 35. Qd2 Nf7 36. h3 Qb8 37. a4 Qe8 38. axb5 axb5 39. Qd1 Re4 40. Qa1
Rxd4 41. Bxd4 Qe2 1/2-1/2

[Event "XIV C.to Europeo a squadre Seniores"]
[Site "Rogaska Slatina SLO"]
[Date "2012.04.04"]
[Round "9.2"]
[White "Mariotti, Sergio"]
[Black "Zivkovic, Ljubomir"]
[Result "1/2-1/2"]
[WhiteElo "2326"]
[BlackElo "2279"]
[Annotator "ITA-MNE"]
[PlyCount "48"]
[EventDate "2012.03.27"]

1. d4 Nf6 2. Nf3 e6 3. c4 d5 4. e3 Be7 5. Bd3 O-O 6. O-O dxc4 7. Bxc4 c5 8. Qe2
cxd4 9. exd4 Nbd7 10. Nc3 Nb6 11. Bb3 Nbd5 12. Ne5 Bd7 13. Bg5 Bc6 14. Nxc6
bxc6 15. Rfd1 Nxc3 16. bxc3 Qa5 17. Bd2 Rfe8 18. Qf3 Rac8 19. g4 Nd7 20. Qg3
Qa6 21. Bf4 Bf8 22. h3 g6 23. Qd3 Qxd3 24. Rxd3 Nb6 1/2-1/2

[Event "XIV C.to Europeo a squadre Seniores"]
[Site "Rogaska Slatina SLO"]
[Date "2012.04.04"]
[Round "9.3"]
[White "Raicevic, Momcilo"]
[Black "Micheli, Carlo"]
[Result "1-0"]
[WhiteElo "2372"]
[BlackElo "2268"]
[Annotator "ITA-MNE"]
[PlyCount "59"]
[EventDate "2012.03.27"]

1. c4 d6 2. g3 e5 3. Bg2 Nc6 4. Nc3 g6 5. e3 Bg7 6. Nge2 f5 7. O-O Nf6 8. d4
O-O 9. dxe5 Nxe5 10. b3 c6 11. Ba3 Ne8 12. Qd2 Qa5 13. Bb2 Bd7 14. Rad1 Rd8 15.
Qc2 Bc8 16. a3 Qc7 17. h3 Qe7 18. Rfe1 Nf6 19. Nd4 Rfe8 20. f4 Ned7 21. Nf3 Nc5
22. Nd2 Nh5 23. b4 Ne6 24. Kh2 g5 25. Nf3 g4 26. hxg4 fxg4 27. Nd4 Nxd4 28.
exd4 Qxe1 29. Rxe1 Rxe1 30. Be4 1-0

[Event "XIV C.to Europeo a squadre Seniores"]
[Site "Rogaska Slatina SLO"]
[Date "2012.04.04"]
[Round "9.4"]
[White "Valenti, Giuseppe"]
[Black "Dragasevic, Srdja"]
[Result "0-1"]
[WhiteElo "2138"]
[BlackElo "2267"]
[Annotator "ITA-MNE"]
[PlyCount "68"]
[EventDate "2012.03.27"]

1. e4 c6 2. Nf3 d5 3. Nc3 Bg4 4. d4 e6 5. exd5 cxd5 6. a3 Nc6 7. Be2 Bd6 8. h3
Bh5 9. O-O Nf6 10. Re1 Rc8 11. Be3 O-O 12. Nd2 Bg6 13. Nb3 Na5 14. Nxa5 Qxa5
15. Qd2 a6 16. Red1 Rc6 17. Rdc1 Rfc8 18. Qe1 b5 19. Bd1 Ne4 20. Bf3 Nf6 21.
Bd1 Qc7 22. Qe2 Nd7 23. h4 h6 24. h5 Bh7 25. Qg4 Nf6 26. Qf3 Bf5 27. g3 Bg4 28.
Qh1 Bxg3 29. Qg2 Bxd1 30. Rxd1 Bf4 31. Rd3 Nxh5 32. Qg4 g6 33. Kg2 Bxe3 34.
fxe3 Qe7 0-1